Sobre algunas responsabilidades de las y los servidores públicos Alcaldia Mayor de Bogotá
La cartilla cuenta con información de primera mano sobre lineamientos generales dentro de la política Distrital de Asuntos disciplinarios, para la prevención de las conductas con incidencias disciplinaria, es decir, aquellas que puedan afectar la función publica.
Zapisane w:
| Format: | Książka |
|---|---|
| Język: | Spanish |
| Wydane: |
Bogotá :
Alcaldia Mayor de Bogotá,
2008
|
| Hasła przedmiotowe: | |
| Dostęp online: | Enlace del recurso |
| Etykiety: |
Dodaj etykietę
Nie ma etykietki, Dołącz pierwszą etykiete!
|
MARC
| LEADER | 00000nam a2200000 a 4500 | ||
|---|---|---|---|
| 003 | OSt | ||
| 005 | 20191128134637.0 | ||
| 008 | 191128b2008 ck ||||r||||o000 0 spa d | ||
| 999 | |c 7239 |d 7239 | ||
| 040 | |b spa |c CNA-IDEP | ||
| 041 | |a spa | ||
| 082 | |a 352.6 |b A12s | ||
| 110 | 1 | |4 Alcaldia Mayor de Bogotá | |
| 245 | |a Sobre algunas responsabilidades de las y los servidores públicos |b Alcaldia Mayor de Bogotá | ||
| 260 | |a Bogotá : |b Alcaldia Mayor de Bogotá, |c 2008 | ||
| 300 | |a 21 paginas. : |b tablas ; |c 14 cm. | ||
| 505 | 2 | |a Tipologías disciplinares -- Perdida de bienes o elementos -- Perdida de documentos -- Incumplimientos de manuales y funciones -- | |
| 520 | 3 | |a La cartilla cuenta con información de primera mano sobre lineamientos generales dentro de la política Distrital de Asuntos disciplinarios, para la prevención de las conductas con incidencias disciplinaria, es decir, aquellas que puedan afectar la función publica. | |
| 650 | 1 | 4 | |a Funcionarios públicos |9 14544 |
| 650 | 1 | 4 | |a Responsabilidad administrativa |9 14545 |
| 650 | 1 | 4 | |a Derecho administrativo |9 14546 |
| 942 | |2 ddc |c BK | ||
| 856 | |u https://catalogo.idep.edu.co/cgi-bin/koha/opac-detail.pl?biblionumber=7239 |z Enlace del recurso | ||